00814na a2200253 450000100060000000300080000600500170001400800410003103500100007204000250008208200280010709000270013510000180016224500470018024600510022724600310027826000370030930000190034661000260036565000320039194200130042395201090043699900150054513463MIRAKIL20181213155145.0160920b tu 000 0  a13463 aMilasbturcTR-AnCHP aCHP 324.2172bK26c 1976 aCHP 324.2172 K26c 1976 aKardam, Ahmet aC.H.P. nedir? Ne değildir?cAhmet Kardam aCumhuriyet Halk Partisi nedir, ne değildir ? aCHP nedir, ne değildir ? aAnkarabÜlke Yayınlarıc1976 a177 s.c20 sm. aCHPxTarihzTürkiye aSiyasal partilerzTürkiye 2ddccBKS a0001b0001d2016-08-14e2l0oCHP 324.2172 K26c 1976p001209r2016-08-14 00:00:00v0.00w2016-08-14yBKS c7655d7655